000 00748nam a2200241 a 4500
001 BRCA_8253
005 20190320210210.0
008 290514s1953----po-a###f##---#000-0#por-#
041 _apor
044 _apo
050 4 _aND653
_b.B63 1953
245 1 0 _aHieronymus Bosch
_bas tentacoes de Santo Antáo
_cIntroducao e notas de Armando Vieira Santos.
260 _aLisboa
_bEstúdios Cor
_c1953
300 _a8 p.
_bil., 11 láminas
_c32 cm.
440 0 _aColecca Museu
_n1
_920599
500 _aT93
600 1 4 _aBosch, Hieronymus
_d14¿?-1516
_920600
600 1 4 _aAntonio
_cSanto
_d250-300 aprox.
_zEgipto
_920601
650 1 4 _aArte cristiano
_zPortugal
_920602
700 1 _aVieira Santos, Armando
_eintr.
_920603
902 _aGFM
942 _2lcc
_cB
999 _c7921
_d7921